000
00182 a2200097 4500
020
_a
0881138711
041
_a
spa
100
_a
Clark, Nancy
245
_a
Refugio del abuso
942
_c
BK
999
_c
8916
_d
8916